Determination of the dynamic characteristics of rotor dynamic system using time domain averaging and their effects on cracks in shafts /
Saved in:
| Main Author: | |
|---|---|
| Format: | Thesis Book |
| Language: | English |
| Published: |
2010.
|
| Subjects: | |
| Tags: |
Add Tag
No Tags, Be the first to tag this record!
|
| LEADER | 01005cam a2200265 a 4500 | ||
|---|---|---|---|
| 001 | u805836 | ||
| 003 | SIRSI | ||
| 005 | 201012281503 | ||
| 008 | 101228s2010 my a t 000 0 eng m | ||
| 040 | |a UMM |d UMJ | ||
| 090 | |a TJ7 |b UM 2010 Ong | ||
| 097 | |a TJ7 |b UM 2010 Ong | ||
| 100 | 1 | |a Ong, Zhi Chao. | |
| 245 | 1 | 0 | |a Determination of the dynamic characteristics of rotor dynamic system using time domain averaging and their effects on cracks in shafts / |c Ong Zhi Chao. |
| 260 | |c 2010. | ||
| 300 | |a xxiv, 192 leaves : |b ill. ; |c 30 cm. | ||
| 502 | |a Dissertation (M.Eng.Sc.) -- Jabatan Kejuruteraan Mekanik, Fakulti Kejuruteraan, Universiti Malaya, 2010. | ||
| 504 | |a Bibliography: leaves 158-160. | ||
| 650 | 0 | |a Rotors |x Dynamics. | |
| 650 | 0 | |a Vibration. | |
| 650 | 0 | |a Turbomachines |x Dynamics. | |
| 710 | 2 | |a Universiti Malaya. |b Jabatan Kejuruteraan Mekanik. | |
| 900 | |a NHS-ZA | ||
| 596 | |a 7 | ||
| 999 | |a TJ7 UM 2010 ONG |w LC |c 1 |i A507041230 |d 12/5/2011 |f 12/5/2011 |g 1 |l STACKS |m P07JURUTER |r Y |s Y |t TESIS |u 10/5/2011 | ||
